Librarianship and Library Science in India (Record no. 12509)

MARC details
000 -LEADER
fixed length control field 00574nam a2200229 a 4500
020 ## - INTERNATIONAL STANDARD BOOK NUMBER
ISBN 8170228
082 00 - DEWEY DECIMAL CLASSIFICATION NUMBER
Classification number 020.954
Author Cutter TAH
100 ## - MAIN ENTRY--AUTHOR NAME
Author name Taher, Mohammad
245 ## - TITLE STATEMENT
Title Librarianship and Library Science in India
260 ## - PUBLICATION, DISTRIBUTION, ETC. (IMPRINT)
Place of publication Delhi
Name of publisher Concept Pub Co
Year of publication 1994
300 ## - PHYSICAL DESCRIPTION
Number of Pages 240p
500 ## - GENERAL NOTE
General note includes index and biblioraphy
505 2# - FORMATTED CONTENTS NOTE
Formatted contents note Index
650 ## - SUBJECT ADDED ENTRY--TOPICAL TERM
Topical Term Library Science-India
942 ## - ADDED ENTRY ELEMENTS (KOHA)
Koha item type Books
Holdings
Collection code Home library Current library Date acquired Cost, normal purchase price Full call number Accession Number Koha item type
  Henry Martyn Institute Library Henry Martyn Institute Library 03/15/2007 350.00 020.954 TAH 015324 Books
                   Copyright © 2026 | Henry Martyn Institute | Hyderabad | TS-500052 | INDIA | Implemented by hmi.edu.in
Hit-Count:

Powered by Koha